000 00944nac a22002897a 4500
001 BR8502289
003 BR-BrBNA
005 20240105120313.0
008 230509b bl.|||m| |||| 00| 0 por d
040 _aBR-BrBNA
_bpor
_cBiblioteca Nacional de Agricultura
072 _aP01; E14
090 _aP01 BR8502289
100 1 _aFranz, P.R.F.
100 1 _aTorchelli, J.C.
110 1 _aCentro de Pesquisa Agropecuaria dos Cerrados, Planaltina, DF (Brasil)
245 1 _aRegiao geoeconomica de Brasilia: caracterizacao do setor agropecuario [Brasil]
260 3 _aPlanaltina, DF (Brasil):
_c1985.
300 _a70 p.
490 _aDocumentos - Centro de Pesquisa Agropecuaria dos Cerrados (Brazil)
_vno. 17
_xISSN 0102-0021
500 _a4 illus.
650 _aRECURSO NATURAL
650 _aPRODUTO AGRICOLA
650 _aPECUARIA
650 _aBRASILIA
909 _a202312
_bLúcia Elande
_c55
_dLúcia Elande
942 _2AGRIS
_n0
_cMS
999 _c278774
_d278774